Red Hat Linux Bible (Record no. 266504)
[ view plain ]
| 000 -LEADER | |
|---|---|
| fixed length control field | 00264 a2200121 4500 |
| 001 - CONTROL NUMBER | |
| control field | 31431 |
| 082 ## - DEWEY DECIMAL CLASSIFICATION NUMBER | |
| Classification number | 001.6424NEG |
| 090 ## - LOCALLY ASSIGNED LC-TYPE CALL NUMBER (OCLC); LOCAL CALL NUMBER (RLIN) | |
| -- | 21315 |
| -- | 21315 |
| 100 ## - MAIN ENTRY--PERSONAL NAME | |
| Personal name | Negus, Christopher |
| 245 ## - TITLE STATEMENT | |
| Title | Red Hat Linux Bible |
| 260 ## - PUBLICATION, DISTRIBUTION, ETC. | |
| Place of publication, distribution, etc. | New Delhi |
| Name of publisher, distributor, etc. | IDG |
| 505 ## - FORMATTED CONTENTS NOTE | |
| Formatted contents note | CD/DVD |
| 942 ## - ADDED ENTRY ELEMENTS (KOHA) | |
| Institution code [OBSOLETE] | NUST-CAE |
| Call number prefix | 001.6424NEG |
| Withdrawn status | Lost status | Damaged status | Not for loan | Collection code | Permanent Location | Current Location | Date acquired | Total Checkouts | Full call number | Barcode | Date last seen | Price effective from | Koha item type |
|---|---|---|---|---|---|---|---|---|---|---|---|---|---|
| College of Aeronautical Engineering (CAE) | College of Aeronautical Engineering (CAE) | 04/03/2017 | 001.6424NEG | CAE72050 | 04/05/2017 | 04/05/2017 | Book |
